000 00829nam a2200241Ia 4500
003 OSt
005 20221005113139.0
006 a|||||r|||| 00| 0
007 ta
008 221004b |||||||| |||| 00| 0 pan d
024 _a4803
037 _bGift, 27/06/2013,
_cTextual
040 _aCRL
_cCRL
_bpan
041 _2pan
_apan
082 _aO153,1N09x, P4
100 _aਭੂਪਿੰਦਰ ਸਿੰਘ
245 0 _aਕੌੜੇ ਘੁਟ ਮਿੱਠੀਆਂ ਯਾਦਾਂ
260 _aਨਵੀ੍ਵ
_bਦਿੱਲੀ ਅੇਸ ਅੇਮ ਪਬਲੀਕੇFਨਗ਼ ਭਾਰਤ
_c2004
300 _a109ਪੰ
_ccm.
650 _aਪੰਜਾਬੀ ਸਾਹਿਤ
942 _hO153,1N09x, P4
_cTEXL
_2cc
999 _c1027192
_d1027192